000 04131nam0a2200481 4500
001 RU\NLR\BIBL_A\011719859
005 20250630160214.0
020 _aRU
_b15618
_9Сводный каталог листовок первых лет Советской власти (25 октября (7 ноября) 1917 - 1925) Т.5. Листовки советских, партийных, профсоюзных, комсомольских и других организаций Уральской области, автономных областей и республик РСФСР. Ч.2
035 _a(NLR Aleph) 011719859
090 _a11477161
_c11477161
100 _a20180605d1922 |||y0rusy50 ca
101 0 _arus
102 _aRU
105 _ay z 000zy
135 _acrcn 024apada
200 1 _aОбъявление, 23 авг. 1922 г. № 2204. г. Курган. "Настоящим Курганским Укоммунотдел во изменение и дополнение ранее изданных объявлений доводит до всеобщего сведения ..."
_aОбязательное постановление № 33 Курганского уездного исполнительного комитета по Укоммунотделу, 17 авг. 1922 г. г. Курган "Согласно постановления Совнаркома от 20-го апр. 1922 г. .."
_e[листовка
_fКурганский уезд. исполнительный комитет Советов]
210 _aКурган
_cтип. Госкома
_d[1922, авг.]
215 _a1 с. в 2 стб.
_d82x31
300 _aПодписи: завукоммунотделом Карнаков; завед. Фин. счетн. подотделом Михайлов; секретарь Соболев
325 1 _aКопия доступна в Электронной библиотеке РНБ
327 1 _aО ставках местных налогов, размерах квартирной и арендной платы за места для торговли и склады
517 1 _aНастоящим Курганским Укоммунотдел во изменение и дополнение ранее изданных объявлений доводит до всеобщего сведения ...
517 1 _aСогласно постановления Совнаркома от 20-го апр. 1922 г. ..
540 1 _aО ставках местных налогов, размерах квартирной и арендной платы за места для торговли и склады
607 _aРСФСР
_jЛистовки
_xПолитика и управление
_y1917 - 1925
_92312782
_3RU\NLR\auth\6601609564
686 0 _aТ3(2)71-313,011
702 1 _4720
_7ca
_8rus
_aКарнаков
_bР. Б.
_cпарт. и хоз. деятель
_f1889-
_gРоман Борисович
_9198881
_3RU\NLR\AUTH\770198932
702 1 _4720
_7ca
_8rus
_aМихайлов
_cслужащий уездного коммунального отдела, г. Курган
_9198900
_3RU\NLR\AUTH\770198951
702 1 _4720
_7ca
_8rus
_aСоболев
_cслужащий уездного коммунального отдела, г. Курган
_9198902
_3RU\NLR\AUTH\770198953
711 0 2 _aКурганский уездный коммунальный отдел
_9633894
_3RU\NLR\AUTH\880486748
712 0 2 _aКурганский уездный исполнительный комитет Советов
_cЧелябинская губ.
_9450182
_3RU\NLR\AUTH\880392206
852 0 0 _aNLR
_bФЛ
_j28/177
856 0 _uhttps://vivaldi.nlr.ru/ll000078870/view
856 1 _uhttps://vivaldi.nlr.ru/ll000078870/cover
856 2 _uhttps://vivaldi.nlr.ru/ll000078870/text
942 _cBOOK
980 _aNB
981 2 1 _a(21) Листовки
_b(21) Листовки 1922 года